[Event "Titled Tue 10th Jun Early"]
[Site "chess.com INT"]
[Date "2025.06.10"]
[Round "7"]
[White "Jiganchine, Roman"]
[Black "Bustelo, Tabare"]
[Result "1-0"]
[WhiteTitle "CM"]
[BlackTitle "CM"]
[WhiteElo "2205"]
[BlackElo "2043"]
[WhiteFideId "2603667"]
[BlackFideId "3000362"]
[EventDate "2025.06.10"]

1. Nf3 b6 2. c4 Bb7 3. Nc3 f5 4. d3 Nf6 5. Bg5 e6 6. e4 fxe4 7. dxe4 h6 8. Bh4
g5 9. Bg3 Bb4 10. Bd3 Bxc3+ 11. bxc3 Nxe4 12. Bxe4 Bxe4 13. Qd4 O-O 14. Qxe4 Nc6
15. Qg6+ Kh8 16. Qxh6+ Kg8 17. Qg6+ Kh8 18. O-O Rf6 19. Qh5+ Kg7 20. Qxg5+ Kf7
21. Bh4 Qh8 22. Qxf6+ Qxf6 23. Bxf6 Kxf6 24. Rad1 d6 25. Rfe1 e5 26. Nd2 a5 27.
Re3 Rh8 28. Rf3+ Ke6 29. Ne4 Rh4 30. Re3 Kd7 31. g3 Rh6 32. h4 Kc8 33. Kg2 Ne7
34. Ng5 Nf5 35. Rf3 Ng7 36. Rf7 Nh5 37. Rf8+ Kb7 38. Rf7 Kc6 39. Kh3 Nf6 40. Kg2
Nd7 41. f4 a4 42. fxe5 Nxe5 43. Rf4 Rh8 44. Nf7 Re8 45. Nxe5+ Rxe5 46. Rd2 a3
47. g4 Re1 48. Rff2 Rc1 49. Rc2 Rd1 50. g5 Rd4 51. Kg3 Rxc4 52. g6 Rc5 53. g7
Kb5 54. g8=Q Ka4 55. Qb3+ Ka5 56. Qxa3+ Kb5 57. Qb4+ Kc6 58. Qe4+ Kb5 59. Qd3+
Ka5 60. c4 d5 61. Qa3# 1-0

[Event "Titled Tue 10th Jun Early"]
[Site "chess.com INT"]
[Date "2025.06.10"]
[Round "7"]
[White "Erigaisi, Arjun"]
[Black "Carlsen, Magnus"]
[Result "0-1"]
[WhiteTitle "GM"]
[BlackTitle "GM"]
[WhiteElo "2782"]
[BlackElo "2837"]
[WhiteFideId "35009192"]
[BlackFideId "1503014"]
[EventDate "2025.06.10"]

1. Nf3 Nf6 2. c4 c6 3. b3 d5 4. Bb2 Bg4 5. e3 Nbd7 6. h3 Bh5 7. g4 Bg6 8. g5 Ne4
9. h4 h5 10. cxd5 cxd5 11. Bb5 a6 12. Bxd7+ Qxd7 13. Ne5 Qf5 14. f3 Nc5 15. d4
Nd3+ 16. Nxd3 Qxd3 17. Qxd3 Bxd3 18. Kd2 Bf5 19. Ba3 f6 20. Nc3 Rd8 21. Ke2 fxg5
22. hxg5 h4 23. Rac1 Rh5 24. e4 dxe4 25. fxe4 Bg6 26. d5 Rc8 27. Kd2 h3 28. Rcg1
h2 29. Rg2 Rh3 30. Bb2 Rcxc3 31. Bxc3 Bxe4 32. Rgxh2 Rd3+ 33. Kc2 Rxd5+ 34. Kb2
Bxh1 35. Rxh1 Rxg5 36. b4 e5 37. Kb3 Bd6 38. Kc4 Kd7 39. a4 Ke6 40. b5 Rg4+ 41.
Kb3 axb5 42. axb5 Kd5 43. Re1 g5 44. b6 Re4 45. Rd1+ Kc6 46. Bd2 g4 47. Bg5 g3
48. Bd8 Bc5 0-1

[Event "Titled Tue 10th Jun Early"]
[Site "chess.com INT"]
[Date "2025.06.10"]
[Round "7"]
[White "Martinez Alcantara, Jose Eduardo"]
[Black "Dubnevych, Maksym"]
[Result "1-0"]
[WhiteTitle "GM"]
[BlackTitle "FM"]
[WhiteElo "2611"]
[BlackElo "2296"]
[WhiteFideId "3805662"]
[BlackFideId "14184001"]
[EventDate "2025.06.10"]

1. c4 e6 2. g3 d5 3. Bg2 Nf6 4. Nf3 Nbd7 5. Qc2 Be7 6. O-O O-O 7. b3 b6 8. d4
Bb7 9. Bb2 Rc8 10. Rd1 c5 11. dxc5 Nxc5 12. Nc3 Nce4 13. Nxe4 Nxe4 14. e3 Qc7
15. Nd4 Nd6 16. Ba3 a6 17. Qe2 dxc4 18. Bxd6 Bxd6 19. Bxb7 Qxb7 20. bxc4 Be5 21.
Rab1 Qc7 22. Nf3 Bf6 23. Rdc1 Rfd8 24. a4 Qc5 25. Kg2 Qc6 26. e4 Bd4 27. Qc2 e5
28. h4 h6 29. h5 Qe6 30. Qe2 Rc6 31. Nh4 Qf6 32. Nf5 Qg5 33. Rd1 g6 34. Nh4 Rf6
35. Nf3 Qxh5 36. Rh1 Qg4 37. Nxd4 Qxe2 38. Nxe2 Rd2 39. Rhe1 Rc6 40. Ng1 Rxc4
41. Nf3 Ra2 42. Rxb6 Raxa4 43. Rb8+ Kg7 44. Rd1 Rxe4 45. Rd7 Re2 46. Rbb7 e4 47.
Rxf7+ Kg8 48. Nh4 e3 49. Rg7+ Kf8 50. Nxg6+ Ke8 51. Rg8# 1-0

[Event "Titled Tue 10th Jun Early"]
[Site "chess.com INT"]
[Date "2025.06.10"]
[Round "7"]
[White "Arun, Siddharth"]
[Black "Bozorov, Javohir"]
[Result "1-0"]
[BlackTitle "FM"]
[WhiteElo "1978"]
[BlackElo "2039"]
[WhiteFideId "2079178"]
[BlackFideId "14216957"]
[EventDate "2025.06.10"]

1. d4 Nf6 2. Nc3 e6 3. Bf4 Bb4 4. Qd3 O-O 5. O-O-O a5 6. Ne4 Nxe4 7. Qxe4 d5 8.
Qf3 a4 9. Bd2 Bd6 10. e4 a3 11. b3 dxe4 12. Qxe4 Nc6 13. Bd3 g6 14. c3 Qf6 15.
Nf3 e5 16. d5 Ne7 17. Bg5 Qg7 18. Bxe7 Bxe7 19. g4 f5 20. gxf5 Bxf5 21. Qe2 Bxd3
22. Rxd3 Rae8 23. Nd2 Bg5 24. Kc2 Bxd2 25. Rxd2 e4 26. Qc4 Kh8 27. Re1 Qe5 28.
Rde2 Rf4 29. Qc5 Qf5 30. Qd4+ Kg8 31. d6 e3+ 32. Qd3 cxd6 33. fxe3 Qxd3+ 34.
Kxd3 Rh4 35. c4 Rh3 36. Kc3 Re4 37. Kb4 Reh4 38. Kxa3 Rxh2 39. Kb4 Rxe2 40. Rxe2
Re4 41. Kb5 h5 42. Kb6 Re7 43. c5 dxc5 44. Kxc5 h4 45. Rg2 Rg7 46. Kd5 g5 47.
Ke4 g4 48. Kf4 g3 49. Kf3 Kf7 50. Rc2 Ke6 51. Kg2 Kf5 52. Rc4 Kg5 53. Rc5+ Kg4
54. Rc4+ Kh5 55. Rb4 Rf7 56. Kh3 Rg7 57. Rxh4+ Kg6 58. Rg4+ Kf6 59. Rxg7 Kxg7
60. Kxg3 Kf6 61. Kf4 Ke6 62. Ke4 Kd6 63. Kd4 Ke6 64. Kc5 Ke5 65. Kb6 Ke4 66.
Kxb7 Kxe3 67. a4 Kd4 68. a5 Kc5 69. a6 Kb4 70. a7 1-0

[Event "Titled Tue 10th Jun Early"]
[Site "chess.com INT"]
[Date "2025.06.10"]
[Round "7"]
[White "Hury, Tymoteusz"]
[Black "Chaulagain, Purusottam"]
[Result "1-0"]
[WhiteTitle "CM"]
[BlackTitle "CM"]
[WhiteElo "2115"]
[BlackElo "1952"]
[WhiteFideId "21839328"]
[BlackFideId "12300730"]
[EventDate "2025.06.10"]

1. d4 d5 2. c4 e6 3. Nc3 c6 4. e3 f5 5. Nf3 Nf6 6. Qc2 Bd6 7. Bd3 Ne4 8. O-O O-O
9. Ne5 Nd7 10. Nxd7 Bxd7 11. f3 Nxc3 12. Qxc3 Qh4 13. f4 g5 14. g3 Qh3 15. Rf2
gxf4 16. exf4 h5 17. Bf1 Qg4 18. Kh1 Kh7 19. Be2 Qg6 20. Qf3 Kh6 21. Bd2 Rg8 22.
c5 Be7 23. Qe3 Bf6 24. Rd1 b6 25. b4 bxc5 26. dxc5 Qg7 27. Bc1 Rab8 28. a3 h4
29. g4 fxg4 30. f5+ Kh7 31. fxe6 Rbe8 32. Qd3+ Qg6 33. exd7 Rxe2 34. Qxe2 g3 35.
hxg3 hxg3 36. Rg2 Kg7 37. Kg1 Rd8 38. Bf4 Bh4 39. Bxg3 Bxg3 40. Qf3 Rf8 41. Qxg3
Qxg3 42. Rxg3+ Kh6 43. Kg2 Rf7 44. Rh1# 1-0

[Event "Titled Tue 10th Jun Early"]
[Site "chess.com INT"]
[Date "2025.06.10"]
[Round "7"]
[White "Smieszek, Wojciech"]
[Black "Heimann, Alexander"]
[Result "0-1"]
[WhiteTitle "CM"]
[WhiteElo "2141"]
[BlackElo "2238"]
[WhiteFideId "1156047"]
[BlackFideId "2006073"]
[EventDate "2025.06.10"]

1. e4 e6 2. d4 d5 3. Bd3 c5 4. exd5 Qxd5 5. Nf3 cxd4 6. O-O Nc6 7. c3 dxc3 8.
Nxc3 Qd8 9. a3 Nf6 10. Qc2 Be7 11. Bg5 O-O 12. Bxf6 Bxf6 13. Bxh7+ Kh8 14. Rad1
Qa5 15. Be4 Qh5 16. Rd3 g6 17. Rfd1 Kg7 18. Ne2 e5 19. Ng3 Qh6 20. Rd6 Bg4 21.
Qc5 Rac8 22. Rxf6 Kxf6 23. Bxc6 Bxf3 24. Qd6+ Kg7 25. Bxf3 Qf4 26. Ne2 Qg5 27.
h4 Qxh4 28. Qxe5+ Kg8 29. Rd4 Qh6 30. Qg3 Rfe8 31. Rh4 Qg7 32. Nf4 Rc1+ 33. Kh2
Ree1 34. Qg5 Rh1+ 35. Kg3 Rxh4 36. Kxh4 Kh7 37. Kg3 Rc2 38. Be4 Rxb2 39. Nh5
Qc3+ 40. f3 Qe1+ 41. Kh2 Qd2 42. Nf6+ Kg7 43. Nh5+ Kf8 44. Qc5+ Kg8 45. Qc8+ Kh7
46. Nf6+ Kg7 47. Qg8+ Kxf6 48. Qh8+ Ke7 49. Qe5+ Kd7 50. Qg3 Qd6 51. f4 b5 52.
Bf3 b4 53. Bg4+ f5 54. Bf3 bxa3 55. Qh4 a2 56. Qh7+ Qe7 57. Bc6+ Kxc6 58. Qxg6+
Qd6 0-1

[Event "Titled Tue 10th Jun Early"]
[Site "chess.com INT"]
[Date "2025.06.10"]
[Round "7"]
[White "Lazavik, Denis"]
[Black "Materia, Marco"]
[Result "1-0"]
[WhiteTitle "GM"]
[BlackTitle "IM"]
[WhiteElo "2580"]
[BlackElo "2489"]
[WhiteFideId "13515110"]
[BlackFideId "45150451"]
[EventDate "2025.06.10"]

1. e4 c6 2. d4 d5 3. e5 Bf5 4. Nf3 e6 5. Be2 Nd7 6. c3 Ne7 7. O-O h6 8. Na3 g5
9. Nc2 Bg7 10. Ne3 Bg6 11. h4 Qc7 12. hxg5 hxg5 13. Ng4 f6 14. exf6 Bxf6 15.
Bxg5 Bxg5 16. Nxg5 Bf5 17. g3 Rg8 18. Qd2 O-O-O 19. Kg2 Rg6 20. f4 Ng8 21. Ne3
Ngf6 22. Bd3 Ne4 23. Bxe4 Bxe4+ 24. Nxe4 dxe4 25. Qf2 Rdg8 26. Rh1 Rxg3+ 27.
Qxg3 Rxg3+ 28. Kxg3 Nf8 29. Rh4 Ng6 30. Rg4 Qh7 31. Rg1 Ne7 32. Kf2 Qh3 33. R4g3
Qh4 34. Ke2 Qxf4 35. Rh3 Nd5 36. Rg7 Qf8 37. Rhg3 Nf4+ 38. Kd2 Qf6 39. Rh7 Ng6
40. Rg2 Kb8 41. Rh6 Qf3 42. Rhxg6 a5 43. R6g3 Qf4 44. Kc2 Ka7 45. a4 Ka6 46. Rh3
Ka7 47. Re2 Qd6 48. Rh5 b6 49. Re5 1-0

[Event "Titled Tue 10th Jun Early"]
[Site "chess.com INT"]
[Date "2025.06.10"]
[Round "7"]
[White "Novozhilov, Semen"]
[Black "Nakonechnyi, Oleksii"]
[Result "0-1"]
[WhiteTitle "FM"]
[BlackTitle "CM"]
[WhiteElo "2352"]
[BlackElo "2222"]
[WhiteFideId "24289167"]
[BlackFideId "34173714"]
[EventDate "2025.06.10"]

1. d4 Nf6 2. c4 e6 3. Nf3 Bb4+ 4. Bd2 a5 5. g3 O-O 6. Bg2 Qe7 7. O-O d5 8. Qc2
a4 9. Bxb4 Qxb4 10. Nbd2 Nc6 11. e3 a3 12. b3 Qa5 13. Rfc1 Nb4 14. Qc3 c6 15.
Ne5 Nd7 16. Nd3 Nxd3 17. Qxd3 Nf6 18. e4 dxe4 19. Nxe4 Nxe4 20. Bxe4 h6 21. c5
Rd8 22. Qc4 Qd2 23. Rd1 Qb2 24. Rab1 Qxa2 25. Qd3 f5 26. Bg2 e5 27. Qc4+ Kh8 28.
dxe5 Re8 29. Re1 Be6 30. Qc3 Red8 31. Ra1 Qd2 32. Rec1 Qxc3 33. Rxc3 Rd2 34. Bf1
a2 35. Kg2 Rb2 36. Bd3 Bxb3 37. Bxf5 Bd5+ 38. Kg1 Kg8 39. e6 Kf8 40. Re3 Ke7 41.
Ree1 Ra3 42. h4 Rb5 43. Rec1 Rb2 44. Re1 Rf3 45. Be4 Bxe4 46. Rxe4 Rfxf2 47. Rf4
Rxf4 48. gxf4 Rb1+ 0-1

[Event "Titled Tue 10th Jun Early"]
[Site "chess.com INT"]
[Date "2025.06.10"]
[Round "7"]
[White "Ivanov, Andrey A."]
[Black "Gales, Randi-Ioan"]
[Result "0-1"]
[WhiteTitle "CM"]
[BlackTitle "CM"]
[WhiteElo "2120"]
[BlackElo "2243"]
[WhiteFideId "2514311"]
[BlackFideId "1285360"]
[EventDate "2025.06.10"]

1. Nf3 Nf6 2. d4 d5 3. c4 e6 4. Nc3 Be7 5. cxd5 exd5 6. Bg5 c6 7. Qc2 h6 8. Bf4
O-O 9. e3 Nbd7 10. Bd3 Re8 11. O-O Nf8 12. h3 Ne6 13. Bh2 Bd6 14. Ne5 c5 15. Nb5
cxd4 16. Nxd6 Qxd6 17. Nxf7 Qc5 18. Qxc5 Nxc5 19. Bg6 dxe3 20. Nxh6+ gxh6 21.
Bxe8 Nxe8 22. fxe3 Be6 23. Rac1 b6 24. Rf4 Kg7 25. Rd4 Nf6 26. Be5 Kg6 27. b4
Ncd7 28. Bxf6 Kxf6 29. Rc6 Re8 30. Rxd5 Ne5 31. Rcd6 Nc4 32. Rc6 Ne5 33. Rcd6
Ke7 34. Rd1 Nc4 35. Rc6 Nxe3 36. Rc7+ Kf6 37. Re1 Nd5 38. Rxa7 Nxb4 39. Rb7 Nd5
40. a4 Ra8 41. Rh7 Kg6 42. Rb7 Bg8 43. Rd7 Rxa4 44. Rd6+ Kg7 45. Re8 Nf6 46.
Re7+ Kg6 47. Rb7 Rf4 48. Rbxb6 Kg7 49. Rb7+ Kh8 50. Rbb6 Kg7 51. g3 Rf5 52. g4
Rf4 53. Kg2 Bd5+ 54. Kg3 Rd4 55. Rb7+ Kg6 56. Rbb6 Rd3+ 57. Kh2 Rd2+ 58. Kg3 Kg5
59. Rxf6 Rg2# 0-1

[Event "Titled Tue 10th Jun Early"]
[Site "chess.com INT"]
[Date "2025.06.10"]
[Round "7"]
[White "Loskutova, Viktoriya"]
[Black "Nikulina, Alena"]
[Result "1-0"]
[WhiteTitle "WFM"]
[BlackTitle "WFM"]
[WhiteElo "2092"]
[BlackElo "1875"]
[WhiteFideId "34166278"]
[BlackFideId "4172051"]
[EventDate "2025.06.10"]

1. e4 c5 2. Nf3 e6 3. Be2 d5 4. exd5 exd5 5. d4 Nf6 6. O-O Bd6 7. Nc3 h6 8. Bb5+
Nc6 9. Re1+ Be6 10. Ne5 O-O 11. Bxc6 bxc6 12. Nxc6 Qb6 13. Ne5 cxd4 14. Na4 Qa5
15. c3 dxc3 16. Nxc3 Qc7 17. Nb5 Qb6 18. Nxd6 Qxd6 19. Bf4 Qb4 20. Nd3 Qb6 21.
h3 Ne4 22. Qh5 Rac8 23. Be3 Qd6 24. Nf4 Nf6 25. Qf3 Rc2 26. Bd4 Bf5 27. Be5 Qc6
28. Qg3 Re8 29. Bxf6 Rxe1+ 30. Rxe1 Qxf6 31. Nxd5 Qxb2 32. Ne7+ Kh7 33. Nxf5 Qf6
34. Ne7 Rxa2 35. Qd3+ g6 36. Qe3 a5 37. Nd5 Qf5 38. Nc3 Rc2 39. Ne4 a4 40. Qd4
h5 41. Nf6+ Kh6 42. Qe3+ Kg7 43. Ne4 a3 44. Qd4+ Kh6 45. Qh8# 1-0

[Event "Titled Tue 10th Jun Early"]
[Site "chess.com INT"]
[Date "2025.06.10"]
[Round "7"]
[White "Berikkyzy Alanna"]
[Black "Saiz Rodriguez, Daniel Evelio"]
[Result "0-1"]
[WhiteTitle "WFM"]
[BlackTitle "FM"]
[WhiteElo "2080"]
[BlackElo "2187"]
[WhiteFideId "13780719"]
[BlackFideId "3523420"]
[EventDate "2025.06.10"]

1. e4 c5 2. Nf3 e6 3. d4 cxd4 4. Nxd4 Nf6 5. Nc3 Nc6 6. Ndb5 Bb4 7. a3 Bxc3+ 8.
Nxc3 d5 9. exd5 exd5 10. Bd3 O-O 11. O-O Bg4 12. f3 Bh5 13. Bg5 Qb6+ 14. Kh1 Ne4
15. Nxe4 dxe4 16. Bxe4 Qxb2 17. Rb1 Qxa3 18. Rxb7 Rac8 19. Bxc6 Rxc6 20. Be7 Qa6
21. Re1 Qxb7 22. Bxf8 Rc8 23. Bc5 h6 24. Bd4 Bg6 25. c3 a5 26. Qe2 Qd5 27. Rd1
Qc4 28. Qe5 f6 29. Qg3 Kh7 30. h4 h5 31. Qf4 a4 32. g4 Qd5 33. gxh5 Bxh5 34. Rf1
a3 35. Kg2 a2 36. Qe3 Re8 37. Qd3+ Bg6 38. Qd2 Qc4 39. Rf2 a1=Q 40. Qf4 Qb1 41.
h5 Bxh5 42. Qh4 Qg6+ 43. Kh2 Qh6 44. Rg2 Bxf3 0-1

[Event "Titled Tue 10th Jun Early"]
[Site "chess.com INT"]
[Date "2025.06.10"]
[Round "7"]
[White "Ashraf, Artin"]
[Black "Niemann, Hans Moke"]
[Result "0-1"]
[WhiteTitle "FM"]
[BlackTitle "GM"]
[WhiteElo "2407"]
[BlackElo "2736"]
[WhiteFideId "22514805"]
[BlackFideId "2093596"]
[EventDate "2025.06.10"]

1. d4 Nf6 2. Nf3 e6 3. e3 b6 4. c4 Bb7 5. Bd3 d5 6. cxd5 exd5 7. O-O Bd6 8. Nc3
O-O 9. b3 Re8 10. Bb2 a6 11. Rc1 Nbd7 12. Re1 Ne4 13. Bf1 f5 14. g3 Qe7 15. Bg2
Rad8 16. Rc2 Kh8 17. Ne2 Ndf6 18. Nf4 c5 19. Nh4 Qd7 20. dxc5 bxc5 21. Bh3 Ng5
22. Bxf5 Qf7 23. b4 d4 24. bxc5 Bxf4 25. exf4 Rxe1+ 26. Qxe1 Re8 27. Re2 Rxe2
28. Qxe2 Qd5 29. f3 Nf7 30. Qe6 Qxc5 31. Qxf7 Bd5 32. Ba3 Qxa3 33. Qc7 d3 34.
Qd8+ Bg8 35. Bxd3 Qxa2 36. f5 a5 37. g4 Qd2 38. g5 Qxg5+ 39. Ng2 Qc1+ 40. Kf2
Qd2+ 41. Kg3 a4 42. Nf4 a3 43. Qa8 a2 44. Bc4 Qe1+ 45. Kh3 a1=Q 46. Qf8 Qac3 0-1

[Event "Titled Tue 10th Jun Early"]
[Site "chess.com INT"]
[Date "2025.06.10"]
[Round "7"]
[White "Aswath, S"]
[Black "Khazhatuly, Alikhan"]
[Result "1-0"]
[WhiteTitle "IM"]
[BlackTitle "CM"]
[WhiteElo "2507"]
[BlackElo "2173"]
[WhiteFideId "46694919"]
[BlackFideId "13731335"]
[EventDate "2025.06.10"]

1. f4 d5 2. Nf3 c5 3. g3 Nf6 4. Bg2 Nc6 5. O-O Bf5 6. d3 e6 7. Nbd2 d4 8. Nc4
Nd5 9. e4 dxe3 10. Nh4 Be7 11. Nxf5 exf5 12. Qf3 e2 13. Qxe2 O-O 14. Qf2 Bf6 15.
c3 Nb6 16. Qf3 Qd7 17. Rd1 Rad8 18. Be3 Qe7 19. Bf2 Nxc4 20. dxc4 Rxd1+ 21. Rxd1
Rd8 22. Rd5 b6 23. Rxf5 Na5 24. Bf1 Nb7 25. Rd5 Nd6 26. Bd3 g6 27. Kg2 Kg7 28.
b4 Nb7 29. Be4 Rxd5 30. Bxd5 Nd8 31. Qe3 Qd7 32. bxc5 bxc5 33. Qxc5 Bxc3 34.
Qxa7 Qd6 35. Qb6 Qe7 36. Qe3 Qd7 37. Qxc3+ Kg8 38. Bd4 h5 39. Bh8 Kf8 40. Qg7+
Ke8 41. Qg8+ Ke7 42. Bd4 Qd6 43. Bg7 Qa3 44. Qf8+ 1-0

[Event "Titled Tue 10th Jun Early"]
[Site "chess.com INT"]
[Date "2025.06.10"]
[Round "7"]
[White "Iljin, Timofey"]
[Black "Brancaleoni, Maurizio"]
[Result "1-0"]
[WhiteTitle "IM"]
[BlackTitle "FM"]
[WhiteElo "2242"]
[BlackElo "2185"]
[WhiteFideId "14110180"]
[BlackFideId "803022"]
[EventDate "2025.06.10"]

1. e4 c6 2. d4 d5 3. e5 c5 4. c3 Nc6 5. h3 Bf5 6. Nf3 e6 7. Bd3 Bxd3 8. Qxd3
cxd4 9. cxd4 Bb4+ 10. Nc3 Nge7 11. O-O h6 12. Be3 O-O 13. Rac1 Nf5 14. Rfd1 Rc8
15. Kh2 Nxe3 16. fxe3 f6 17. exf6 Qxf6 18. a3 Bd6+ 19. Kg1 a6 20. b4 Ne7 21. Ne2
Nf5 22. e4 Rxc1 23. Rxc1 Ng3 24. e5 Nxe2+ 25. Qxe2 Qf4 26. Rf1 Bb8 27. b5 Ba7
28. bxa6 Bxd4+ 29. Kh1 bxa6 30. Qxa6 Re8 31. Qa4 Rf8 32. Qd7 Bxe5 33. Qxe6+ Kh8
34. Rd1 Bb8 35. Qg4 Qxg4 36. hxg4 Rf4 37. Rxd5 Ba7 38. g5 Ra4 39. g6 Bb6 40. Rd6
Bc7 41. Rd7 Rc4 42. g4 Rc1+ 43. Kg2 Rc2+ 44. Kf1 Rc3 45. Ke2 Rc2+ 46. Kd3 Rc6
47. Nd4 Rc5 48. Ne6 Re5 49. Rxc7 1-0

[Event "Titled Tue 10th Jun Early"]
[Site "chess.com INT"]
[Date "2025.06.10"]
[Round "7"]
[White "Henriquez Villagra, Cristobal"]
[Black "Praggnanandhaa, R"]
[Result "0-1"]
[WhiteTitle "GM"]
[BlackTitle "GM"]
[WhiteElo "2597"]
[BlackElo "2767"]
[WhiteFideId "3409350"]
[BlackFideId "25059530"]
[EventDate "2025.06.10"]

1. e4 c5 2. Nf3 e6 3. d4 cxd4 4. Nxd4 a6 5. Bd3 Bc5 6. Nb3 Ba7 7. Qe2 Nc6 8. Nc3
Nge7 9. Bd2 b5 10. a3 O-O 11. h4 b4 12. axb4 Nxb4 13. h5 h6 14. Rh3 e5 15. Rg3
Kh8 16. Ra4 Nxd3+ 17. Qxd3 d6 18. Na5 f5 19. f4 fxe4 20. Qxe4 Bf5 21. Qb7 Qd7
22. Qxd7 Bxd7 23. Rc4 Be6 24. Ra4 Nf5 25. Rd3 Nd4 26. Kd1 Bf5 27. Rdxd4 Bxd4 28.
Nc6 Bd7 29. Rxd4 exd4 30. Nxd4 Bg4+ 31. Kc1 Bxh5 32. Ne4 d5 33. Nc5 Rf6 34. b4
Rg6 35. Bc3 Rxg2 36. Nf5 Bg6 37. Ne3 Rg3 38. Nxd5 Bf7 39. Nc7 Rc8 40. Be5 h5 41.
N5xa6 h4 42. b5 h3 43. f5 h2 44. Bxg3 h1=Q+ 45. Kb2 Qb7 46. Ka3 Bc4 47. Nc5 Qf3+
48. Kb4 Qxg3 0-1

[Event "Titled Tue 10th Jun Early"]
[Site "chess.com INT"]
[Date "2025.06.10"]
[Round "7"]
[White "Tao, Sihan"]
[Black "Kalyani Sirin"]
[Result "1-0"]
[WhiteTitle "FM"]
[BlackTitle "WFM"]
[WhiteElo "2202"]
[BlackElo "2138"]
[WhiteFideId "30982677"]
[BlackFideId "33323500"]
[EventDate "2025.06.10"]

1. d4 Nf6 2. Bg5 g6 3. Bxf6 exf6 4. c4 d5 5. cxd5 Qxd5 6. Nc3 Qd8 7. g3 f5 8.
Bg2 Bg7 9. e3 O-O 10. Nf3 c5 11. O-O cxd4 12. Nxd4 Nd7 13. Rc1 Nf6 14. Qb3 Qe7
15. Nd5 Nxd5 16. Bxd5 Bxd4 17. exd4 Be6 18. Bxe6 Qxe6 19. Rc7 Qxb3 20. axb3 Rfd8
21. Re1 Rxd4 22. Ree7 Rf8 23. Rxb7 Rd2 24. Rxa7 Rxb2 25. Rab7 Kg7 26. Rec7 h5
27. Kg2 Kf6 28. b4 f4 29. gxf4 h4 30. b5 Rb3 31. f3 Rb2+ 32. Kh3 Rb3 33. Kg4 Kg7
34. f5 Rb4+ 35. Kg5 gxf5 36. b6 Rb2 37. Kxh4 Rxh2+ 38. Kg5 Rf2 39. Kf4 Rb2 40.
Kxf5 Rb5+ 41. Kf4 Rb4+ 42. Kg3 Kg6 43. Rc6+ f6 44. Rd7 Rb8 45. Rdd6 Rf8 46. Kf2
Rf7 47. Ke3 Kg5 48. Rc7 Rxc7 49. bxc7 Rc4 50. Rd7 Kg6 51. Kd3 Rc1 52. Kd4 Kf5
53. Kd5 Kf4 54. Kd6 f5 55. Rd8 Kxf3 56. c8=Q Rxc8 57. Rxc8 Ke3 58. Ke5 f4 59.
Rc3+ 1-0

[Event "Titled Tue 10th Jun Early"]
[Site "chess.com INT"]
[Date "2025.06.10"]
[Round "7"]
[White "Kulnev, Aleksandr"]
[Black "Bodemar, Jonathan"]
[Result "0-1"]
[WhiteTitle "CM"]
[BlackTitle "CM"]
[WhiteElo "2213"]
[BlackElo "2150"]
[WhiteFideId "54157544"]
[BlackFideId "6205488"]
[EventDate "2025.06.10"]

1. c4 Nf6 2. Nc3 e6 3. g3 d5 4. cxd5 exd5 5. d4 Be7 6. Bg2 O-O 7. Nf3 Re8 8. O-O
c6 9. Bf4 h6 10. Qc2 Nbd7 11. Rfb1 a5 12. a3 Nb6 13. Ne5 Be6 14. Na4 Nc4 15.
Nxc4 dxc4 16. Nc5 Bxc5 17. dxc5 Bd5 18. Rd1 Qe7 19. Bxd5 Nxd5 20. Qxc4 Qxe2 21.
Qxe2 Rxe2 22. Bd6 Rae8 23. b4 axb4 24. axb4 Rb2 25. Rdb1 Ree2 26. Rxb2 Rxb2 27.
Ra8+ Kh7 28. h4 h5 29. Rf8 Kg6 30. Rg8 Kh7 31. Rf8 Kg6 32. Rg8 Nf6 33. Rd8 Rxb4
34. Be5 Ng4 35. Rd6+ f6 36. Bd4 Kf5 37. f3 Ne5 38. Bxe5 Kxe5 39. Rd7 g6 40. Kg2
Rb2+ 41. Kf1 Rb5 42. Rg7 Kf5 43. Kf2 Rb2+ 44. Ke3 Rb3+ 45. Kf2 g5 0-1

[Event "Titled Tue 10th Jun Early"]
[Site "chess.com INT"]
[Date "2025.06.10"]
[Round "7"]
[White "Babayeva, Nasrin"]
[Black "Daspres, Loic"]
[Result "1-0"]
[WhiteTitle "WFM"]
[BlackTitle "CM"]
[WhiteElo "1936"]
[BlackElo "2207"]
[WhiteFideId "13416626"]
[BlackFideId "20612281"]
[EventDate "2025.06.10"]

1. c4 Nf6 2. g3 g6 3. Bg2 Bg7 4. Nc3 O-O 5. e4 d6 6. Nge2 c5 7. O-O Nc6 8. d3
Ne8 9. h3 Nc7 10. f4 Rb8 11. a3 Ne6 12. Rb1 Ned4 13. b4 Nxe2+ 14. Nxe2 Qc7 15.
Be3 Bd7 16. bxc5 dxc5 17. Bxc5 Qa5 18. Bb4 Nxb4 19. axb4 Qa2 20. c5 Rfd8 21. d4
Bb5 22. Nc3 Qc4 23. Nxb5 Qxb5 24. d5 a5 25. Qd2 Rdc8 26. Rfc1 a4 27. Bf1 Qe8 28.
b5 a3 29. Rc4 Ra8 30. Qa2 Ra5 31. c6 Qd8 32. b6 e6 33. dxe6 Rxc6 34. exf7+ Kf8
35. Rxc6 bxc6 36. b7 Bd4+ 37. Kh1 Qb8 38. Bc4 Bc5 39. Be6 Ra7 40. Bc8 Be7 41.
Qe6 1-0

[Event "Titled Tue 10th Jun Early"]
[Site "chess.com INT"]
[Date "2025.06.10"]
[Round "7"]
[White "Atakhan, Abtin"]
[Black "Kotyk, Michael"]
[Result "0-1"]
[WhiteTitle "IM"]
[BlackTitle "CM"]
[WhiteElo "2388"]
[BlackElo "2241"]
[WhiteFideId "22502203"]
[BlackFideId "16214501"]
[EventDate "2025.06.10"]

1. d4 Nf6 2. c4 e6 3. Nf3 Bb4+ 4. Bd2 Bxd2+ 5. Nbxd2 Nc6 6. g3 d6 7. Bg2 O-O 8.
O-O e5 9. d5 Ne7 10. e4 Ne8 11. Ne1 f5 12. Nd3 Nf6 13. Qe2 b6 14. f3 a5 15. b3
Qe8 16. Rae1 Qg6 17. f4 fxe4 18. Nxe4 Bg4 19. Qd2 Nxe4 20. Bxe4 Qh6 21. Qc3 exf4
22. Nxf4 Rae8 23. Re3 g5 24. Bf3 Bxf3 25. Ne6 g4 26. Rfe1 Nf5 27. Re4 Bxe4 28.
Rxe4 Qf6 29. Rxg4+ Kh8 30. Qc1 Rxe6 31. dxe6 Qxe6 32. Rf4 Re8 33. Qb2+ Qe5 34.
Qf2 Qe1+ 35. Qxe1 Rxe1+ 36. Kf2 Re5 37. g4 Ne7 38. Rf7 Kg8 39. Rf4 Kg7 40. h3
Ng6 41. Rd4 Re7 42. a3 Ne5 43. Kg2 Rf7 44. b4 Rf3 45. c5 Rd3 46. Re4 Rxa3 47.
cxd6 cxd6 48. bxa5 bxa5 49. Rd4 Nf7 50. h4 Kg6 51. Rd5 Kf6 52. Rf5+ Ke6 53. Rh5
h6 54. g5 hxg5 55. hxg5 Kf5 56. Kf2 Kg6 57. Rh3 Rxh3 0-1

[Event "Titled Tue 10th Jun Early"]
[Site "chess.com INT"]
[Date "2025.06.10"]
[Round "7"]
[White "Bagheri, Maziar"]
[Black "Sayce, Hannah"]
[Result "0-1"]
[WhiteTitle "FM"]
[BlackTitle "WCM"]
[WhiteElo "2287"]
[BlackElo "1877"]
[WhiteFideId "12530913"]
[BlackFideId "3250695"]
[EventDate "2025.06.10"]

1. e4 c5 2. Nf3 d6 3. d4 cxd4 4. Qxd4 Nc6 5. Bb5 Bd7 6. Bxc6 Bxc6 7. Nc3 Nf6 8.
Bg5 e6 9. O-O-O Qa5 10. Kb1 Be7 11. Bd2 Qc7 12. Qd3 a6 13. Rhe1 O-O 14. Bf4 Rfd8
15. Qe2 b5 16. e5 Bxf3 17. Qxf3 dxe5 18. Bxe5 Qa5 19. g4 b4 20. Bxf6 Bxf6 21.
Ne4 Be5 22. Ng5 Rf8 23. Qe4 g6 24. Qxe5 Qxe5 25. Rxe5 f6 26. Rxe6 fxg5 27. Rd7
Rxf2 28. a3 Rf7 29. Rdd6 bxa3 30. bxa3 Rb8+ 31. Rb6 Rd8 32. Rxa6 Rd2 33. a4 Rxh2
34. a5 Rg2 35. Re4 Rb7+ 36. Kc1 Rd7 37. Ra8+ Kg7 38. a6 Rc7 39. Kd1 Rgxc2 40. a7
Rc1+ 41. Kd2 R1c2+ 42. Kd3 R2c3+ 43. Kd4 Ra3 44. Re5 Raxa7 45. Rxa7 Rxa7 46.
Rxg5 Re7 0-1